Los pueblos de Almería cantados por sus poetas / (Record no. 122455)

MARC details
000 -LEADER
campo de control de longitud fija 00494nam a2200145 4500
001 - NÚMERO DE CONTROL
campo de control 122455
003 - IDENTIFICADOR DE NÚMERO DE CONTROL
campo de control ES-MaACL
007 - CAMPO FIJO DE DESCRIPCIÓN FÍSICA--INFORMACIÓN GENERAL
campo de control de longitud fija t|
008 - DATOS DE LONGITUD FIJA--INFORMACIÓN GENERAL
campo de control de longitud fija 070214s1983 sp r ||||1| spa d
245 04 - MENCIÓN DEL TÍTULO
Título Los pueblos de Almería cantados por sus poetas /
Mención de responsabilidad, etc. introducción y recopilación por Florentino Castañeda y Muñoz.
260 ## - PUBLICACIÓN, DISTRIBUCIÓN, ETC.
Lugar de publicación, distribución, etc. Almería :
Nombre del editor, distribuidor, etc. Diputación Provincial,
Fecha de publicación, distribución, etc. 1983.
300 ## - DESCRIPCIÓN FÍSICA
Extensión 198 p. ;
Dimensiones 21 cm.
700 1# - ENTRADA AGREGADA--NOMBRE PERSONAL
Nombre de persona Castañeda y Muñoz, Florentino.
9 (RLIN) 36415
852 ## - LOCALIZACIÓN
Ubicación ES-MaACL
Número de control de estantería L-5157
Sublocalización o colección R.105647
Holdings
Estatus retirado Estado de pérdida Estado de daño No para préstamo Biblioteca de origen Biblioteca actual Ubicación en estantería Fecha de adquisición Fuente de adquisición Total de préstamos Signatura topográfica completa Código de barras Visto por última vez Precio de reemplazo Tipo de ítem Koha
        Biblioteca del Ateneo de Madrid Biblioteca del Ateneo de Madrid Depósito 2 17/01/2008     L-5157 1127603 23/02/2023 23/02/2023 Libro impreso